000 01844nam a2200385 a 4500
001 00251
003 DO-SdBNP
005 20180313110708.0
007 00251
008 091118s2004 dr 2008 000 0 spa d
020 _a9788482616438 - Cuaderno
020 _a9788482616513 - Álbum
040 _aBPMSU
_bspa
_cBPMSU
092 _a372.83
_bC238s 7mo. 2004
100 1 _aCapellán Almonte, Fanny
245 1 _aSociedad 7 :
_bbásica /
_cFanny Capellán Almonte ; editora Margarita Castro Catrain
260 _aSanto Domingo :
_bSantillana,
_c2004.
300 _a3 v. :
_bil., mapas., retrs. ;
_c28 cm.
490 1 _aÁmbar
505 0 _tUnidade 1.
_tEl antecedente colonial --
_tUnidad 2 .
_tLa situación internacional --
_tUnidad 3 .
_tEvolución de las Antillas --
_tUnidad 4 .
_tEntre la Colonia y la República --
_tUnidad 5 .
_tLa economía del siglo XIX --
_tUnidad 6 .
_tLa fundación de la República --
_tUnidad 7.
_tAnexión y segunda República --
_tUnidad 8 .
_tIndependentismo y antillanismo --
_tUnidad 9 .
_tLiberalismo y dictadura --
_tUnidad 10 .
_tLa cultura en el siglo XIX --
_tUnidad 11 .
_tModernización a fines del XIX --
_tUnidad 12 .
_tEl espacio en el siglo XIX
650 4 _aCIENCIAS SOCIALES
_xENSEÑANZA BÁSICA
650 4 _aCIENCIAS SOCIALES
_xEDUCACIÓN PRIMARIA
650 4 _aCIENCIAS SOCIALES
_xLIBROS DE TEXTOS
650 4 _aCIENCIAS SOCIALES
_xESTUDIOS Y EJERCICIOS
650 4 _aEDUCACIÓN PRIMARIA
_zREPÚBLICA DOMINICANA
700 1 _aCastro Catrain, Margarita,
_eed.
830 0 _aÁmbar
910 _aValidado. Control de calidad MFF
930 1 _lBND01
_mLF1
_820091130
_f04
_pOI
_g8685
942 _2ddc
_cBK
945 _aRemanejado para la BNPHU / 2018 BT
956 _aYLOCKWARD
_b10
_c20150622
_lBND01
_h1356
956 _aVMATEO
_b10
_c20150701
_lBPMSU
_h00151
956 _aBTAVÁREZ
_b10
_c20160414
_l00251
999 _c9911
_d9911